Recherches expérimentales sur les conditions de l'activité cérébrale et sur la physiologie des nerfs / (Record no. 151736)

MARC details
000 -LEADER
campo de control de longitud fija 00883nam a22002055i 4500
001 - NÚMERO DE CONTROL
campo de control 151736
003 - IDENTIFICADOR DE NÚMERO DE CONTROL
campo de control ES-MaACL
005 - FECHA Y HORA DE LA ÚLTIMA TRANSACCIÓN
campo de control 20251015063134.0
008 - DATOS DE LONGITUD FIJA--INFORMACIÓN GENERAL
campo de control de longitud fija 051004s1884 fr a | |||||||| ||fre d
040 ## - FUENTE DE CATALOGACIÓN
Centro catalogador/agencia de origen CAM
Lengua de catalogación spa
Centro/agencia transcriptor CAM
100 1# - ENTRADA PRINCIPAL--NOMBRE DE PERSONA
Nombre de persona Beaunis, Henri Étienne,
Fechas asociadas al nombre 1830-1921
9 (RLIN) 125879
245 10 - MENCIÓN DEL TÍTULO
Título Recherches expérimentales sur les conditions de l'activité cérébrale et sur la physiologie des nerfs /
Mención de responsabilidad, etc. par H. Beaunis.
260 ## - PUBLICACIÓN, DISTRIBUCIÓN, ETC.
Lugar de publicación, distribución, etc. Paris :
Nombre del editor, distribuidor, etc. J.-B. Baillière et fils,
Fecha de publicación, distribución, etc. 1884 (
Lugar de fabricación/manufactura Nancy :
Fabricante Imprimerie Berger-Levrautl et c\pie\s)
300 ## - DESCRIPCIÓN FÍSICA
Extensión v. ;
Dimensiones 25 cm.
594 ## - Nota al título y mención de responsabilidad
Nota al título y mención de responsabilidad Precede al tit.: Laboratoire de physiologie de la Faculté de Médecine de Nancy.
650 #4 - PUNTO DE ACCESO ADICIONAL DE MATERIA--TÉRMINO DE MATERIA
Término de materia o nombre geográfico como elemento de entrada Cerebro.
9 (RLIN) 10903
752 ## - ENTRADA AGREGADA--NOMBRE JERÁRQUICO DEL LUGAR
País o entidad superior Francia -
Ciudad París
852 ## - LOCALIZACIÓN
Ubicación ES-MaACL
Número de control de estantería B-10872
Nota libre -- Enc. hol. conservando la cub. original
condición física -- Sólo t.I (VIII, 166 p., XIX h. de lám.)
Holdings
Estatus retirado Estado de pérdida Estado de daño No para préstamo Colección Biblioteca de origen Biblioteca actual Ubicación en estantería Fecha de adquisición Fuente de adquisición Total de préstamos Signatura topográfica completa Código de barras Visto por última vez Precio de reemplazo Tipo de ítem Koha
        Libros del s. XIX Biblioteca del Ateneo de Madrid Biblioteca del Ateneo de Madrid Sala Pardo Bazán 17/01/2008     B-10872 1158362 23/02/2023 23/02/2023 Libro impreso antiguo